00286pam a2200109 a 4500020000500000041000500005082000800010100004200018245005800060260004400118300001400162 c h a658 aVERMA (R.K.) / SINHA (P.R.N.)eauthor aWorkers Participation in ManagementhTextual Document bOxfords IBH Publishing New Delhi,c1991 aviii, 131